Gwiazdy Sylwestra z Dwójką 2025/6 - Statystyki

Ogólne statystyki
  • Ten quiz został rozwiązany 37 razy
  • Średni wynik to 19 z 34
Statystyki odpowiedzi
Obrazkowy Hint Odpowiedź % Poprawnych
Polska Michał Szpak
96%
Polska Cleo
93%
Polska Dawid Kwiatkowski
93%
Polska Doda
89%
Polska Maryla Rodowicz
86%
Polska Ich Troje
82%
Polska Justyna Steczkowska
82%
Niemcy/Polska Viki Gabor
82%
Bułgaria/Polska Blanka
79%
Polska Roxie Węgiel
79%
Afganistan/RFN Malik Montana
75%
Polska MODELKI
75%
Polska Andrzej Piaseczny
71%
Polska Margaret
71%
Polska Jacek Stachursky
68%
Polska Kayah
68%
Polska Feel
64%
Polska Kombi
57%
Polska Mandaryna
57%
Polska Piersi
50%
UK Sting
50%
Polska Oskar Cyms
46%
Włochy Al Bano
43%
UK/Hiszpania/Polska Carla Fernandes
43%
Polska Kuba Badach
43%
Polska Grzegorz Hyży
39%
Polska Poparzeni Kawą Trzy
32%
USA/Włochy Romina Power
29%
Polska Long&Junior
25%
Włochy Francesco Napoli
21%
Polska EMO
14%
Polska Śląsk
14%
USA/Polska Kaeyra
7%
Polska Wiktoria Kida
7%
Nie znaleziono quizów pasujących do podanych kryteriów
Rozkład punktacji
Procent ludzi z każdym wynikiem
Percentyl według liczby udzielonych odpowiedzi
Twoja historia wyników
Nie rozwiązałeś tego quizu